Quizzes
Events
Quiz Creation
Community
Videos
Private Events
Remove Ads
Sign In
Join for FREE
Feedback
Dark Mode
Quiz Categories
Sports
Geography
Music
Movies
Television
Just For Fun
Miscellaneous
History
Literature
Language
Science
Gaming
Entertainment
Religion
Holiday
For Kids
Quiz Lab
Recent
Popular Today
Quiz Kudos Today
Editor Picks
Curator Picks
Quizzes by...
Day
Popularity
Type
Ratings
Length
Year
Community
Subscriptions
Recent Discussions
Orange Saloon
Badges
Playlists
Quests
Create
Leaderboards
Showdown
Live 5
Trivia Bingo
Activity
Puzzle Library
Sporcle Events
Private Events
Virtual Trivia
Globe League
Become a Host
Pub Owners
SporcleCon
Opinionation
Our Games
Videos
Blog
Mobile Apps
Partnerships
Remove Ads and Go Orange
Feedback
Sports
Athletes
MLB
NBA
NHL
NFL
Soccer
Sports Teams
WWE
NCAA
Football
Premier League
Basketball
Baseball
Hockey
Golf
Tennis
Cricket
Rugby
Auto Racing
Olympics
World Cup
Sports
Athletes
MLB
NBA
NHL
NFL
Soccer
Sports Teams
WWE
NCAA
Football
Premier League
Basketball
Baseball
Hockey
Golf
Tennis
Cricket
Rugby
Auto Racing
Olympics
World Cup
Random Quiz
Search Sporcle
×
Quiz Lab
Quiz Lab
Sports
Soccer
Type in answers that appear in a list
Type in answers that appear in a list
Classic
Best Score? Go Orange.
Football General Knowledge Stats
Can you name the Football General Knowledge?
By
joebatt123
5m
10 Questions
338 Plays
338 Plays
338 Plays
Comments
Comments
Give Quiz Kudos
Give Quiz Kudos
-
- Ratings
hide this ad
More Info
Replay
Link that replays current quiz
Next Quiz
Link to next quiz in quiz playlist
You Got
0%
They Got
Avg Score
23%
Avg Friend Score
Upgrade to see
Score Distribution
Jump to the score distribution portion of the page
Score
0/10
Timer
05:00
0
Plays Today
Question
Answer
% Correct
Which former Arsenal player scored their 100th goal for the club against Oxford United?
Dennis Bergkamp
87%
Who became the first team from the Northern Hemisphere to lift the Club World Cup?
AC Milan
34.3%
Which former Brazilian world cup player played in the 10th tier of English football for 12 minutes?
Socrates
29%
Who scored the first ever Premier League goal?
Brian Deane
25.7%
Who is the only player to have played in: All 4 English divisions, Conference, UEFA Cup, UEFA Champions League and La Liga?
Steve Finnan
20.4%
Which former Italian international was banned for 3 games for spitting at Denmark's Christian Poulsen in Euro 2004?
Francesco Totti
18.6%
In what season did Robert Earnshaw's 11 league goals keep West Brom in the top flight?
2004-05
11.5%
Who scored the first goal and hattrick at the new Wembley Stadium?
Giampaolo Pazzini
9.2%
The only player to play in every Continent of the World?
Lutz Pfannenstiel
0.3%
Which referee had an absolute shocker-
in many people's opinion-
in the 2009 UEFA Champions League Semi-
Final?
Tom Henning Øvrebø
0%
Quiz Playlist
Details
Report
Send in Message
Add To Playlist
More Info:
Answer these general knowledge about football
Classic:
Type in answers that appear in a list
Last Updated: Feb 16, 2017
Quiz Scoreboard
CHALLENGE
Sign Up to Join the Scoreboard
Show All
Scores
Hide
Comments
May contain spoilers
Recently Published
NBA Finals Game Top Scorers (2010s)
by flibbidy
Sports
5m
Guess the 'R' Things in 3 Words
by MSUKent
Miscellaneous
3m
Actor to Badly Drawn Movie III
by MoMosMoProblems
Movies
5m
More to Explore
Quiz From the Vault
Featured Blog Post
Where Does Lost Luggage Go?
hide this ad
You Might Also Like...
Tags
General Knowledge Quiz
Soccer Quiz
Today's Top Quizzes in Sports
Browse Sports
hide this ad
Today's Top Quizzes in Soccer
Browse Soccer
Top Contributed Quizzes in Sports
1
Les joueurs à 100 buts en Ligue 1 Uber Eats
2
2022 World Cup Stars
3
2024 March Madness Bracket
4
Millionaire: NBA Finals Edition
5
Players with Multiple 50 Home Run Seasons
6
Criteria MLB: Left Handed Sluggers
7
Nickname Match: Athletes VI
8
Iconic Moments in Football - Multiple Choice
9
NFL MVPs ordered
10
NBA Championships Per City
Explore More
Trending Topics
Harry Potter
NBA
Anime
Disney
Kpop
Marvel
Crossword
Country
WWE
Song
NFL
Pokémon
Puzzle
Soccer
The Office
hide this ad
More By:
joebatt123
Quiz
Plays
Rating
Category
Featured
Created
Countries of which a player has played 300+ times in EPL
463
5.00
Sports
Feb 8, 2012
Football General Knowledge
338
1.67
Sports
Feb 7, 2012
Players who won the EPL and the old First Division Title?
152
5.00
Sports
Feb 8, 2012
Scored for 4 or more Premier League clubs
103
Sports
Feb 7, 2012
Football Player Connection
74
Sports
Mar 13, 2012
Go to Creator's Profile
Score Distribution
Quiz Creator Spotlight
joebatt123
Follow
Send a Message
Quizzes Created
-
Created Quiz Play Count
-
More By This Creator
Popular Quizzes Today
1
Find the US States - No Outlines Minefield
2
Find the US States
3
The Countries of the World
4
10 Largest US States in Order
5
Find the Countries of Europe - No Outlines Minefield
6
US States
7
Guess the 'R' Things in 3 Words
8
NBA Finals Game Top Scorers (2010s)
More Sports Quizzes
Big 4 Teams Without Titles
Published
Trending Quizzes
First Name TV: Leading Men
First Name TV: Leading Women Drama
Match the Book to the Film II
Pick A Pair: Religious TV
Match the Book to the Film VI
Recently Updated
Women's Final Four Teams by Year
bhenderson79
Presidents Quartet II
eogle
Anything But Clue(do)
eogle
Anything But Oceanian Capitals
eogle
Anything But 7
eogle
Anything But Thing
eogle
Word Ladder: February 29
pecheneg
Song Title Questions
pecheneg
Women's NCAA Tournament #1 Seeds
pecheneg
Celebrity Mug Shots
pecheneg
Trending Topics
NBA
Disney
Kpop
Anime
Harry Potter
Marvel
Crossword
WWE
Country
NFL
The Office
Pokémon
Puzzle
Song
Soccer
Your Account Isn't Verified!
In order to create a playlist on Sporcle, you need to verify the email address you used during registration. Go to your
Sporcle Settings
to finish the process.
Report this User
Report this user for behavior that violates our
Community Guidelines
.
Details:
Send Report
Go to the Sporcle.com Mobile Site →
Comments